Streets of Uptown, CHICAGO - Statistics

General Stats
  • This quiz has been taken 10 times
    9 since last reset
  • The average score is 21 of 45
Answer Stats
Block Street % Correct
4000 N IRVING PARK
100%
4800 N LAWRENCE
100%
4400 N MONTROSE
100%
4600 N WILSON
100%
5000 N ARGYLE
88%
4700 N LELAND
88%
1700 W PAULINA
88%
1000 W SHERIDAN
88%
1600 W ASHLAND
75%
NW BROADWAY
75%
5200 N FOSTER
75%
4432 N AGATITE
63%
1732 W HERMITAGE
63%
4900 N AINSLIE
50%
NW CLARK
50%
1800 W RAVENSWOOD
50%
4500 N SUNNYSIDE
50%
5032 N WINNEMAC
50%
4100 N BELLE PLAINE
38%
4200 N BUENA
38%
1132 W CLIFTON
38%
4300 N CULLOM
38%
1400 W GLENWOOD
38%
1032 W KENMORE
38%
600NW MARINE
38%
1200 W RACINE
38%
5132 N WINONA
38%
1332 W BEACON
25%
5100 N CARMEN
25%
800 W CLARENDON
25%
4032 N CUYLER
25%
1432 W DOVER
25%
4632 N EASTWOOD
25%
4132 N GORDON
25%
1500 W GREENVIEW
25%
4832 N GUNNISON
25%
900 W HAZEL
25%
4232 N HUTCHINSON
25%
4732 N LAKESIDE
25%
1232 W MAGNOLIA
25%
1300 W MALDEN
25%
4932 N MARGATE
25%
4532 N WINDSOR
25%
1100 W WINTHROP
25%
4332 N JUNIOR
13%
No matching quizzes found
Score Distribution
Percent of People with Each Score
Percentile by Number Answered
Your Score History
You have not taken this quiz since the last reset